000 00398nam a22001577a 4500
003 OSt
005 20160802125756.0
008 160802b xxu||||| |||| 00| 0 eng d
020 _a9780205463732
040 _cN/A
100 _aDaniel .C.Dobe..... at al
245 _aEssencial of
_bElementary science
250 _a3rd ed
260 _aBoston
_bPearson Education Inc
_c2004
942 _2lcc
_cBK
999 _c254899
_d254898